000 00477nam a22001697a 4500
005 20251108175212.0
008 250721s2002 xx 000 0 ara d
082 1 4 _a323.11924/فور
100 1 _aفورد، هنري
245 1 0 _aاليهودي العالمي /
264 1 _aبيروت _ لبنان :
_bدار الافاق الجديدة،
_c2002.
300 _a255ص.
650 1 7 _aالسياسة
650 1 7 _aاسرائيل
942 _2ddc
_cBK
999 _c128563
_d128563